| 000 | 00411nam a22001577a 4500 | ||
|---|---|---|---|
| 999 |
_c4005 _d4005 |
||
| 008 | 200710b ||||| |||| 00| 0 eng d | ||
| 082 | 0 | 0 |
_a691.7 _bB1671 |
| 100 |
_9330 _aBaker, J. F. |
||
| 245 | 1 | 0 |
_aSteel skeleton, Vol - I _cJ. K.Baker |
| 260 |
_aLondon _bELBS _c1961 |
||
| 300 | _axi,206p. | ||
| 365 | _d12.00 | ||
| 505 | 0 | _aVol - I : Elastic behavior and design | |
| 650 | 0 | _aSteel Structural | |
| 942 | _cBK | ||